000 00343nam a2200157Ia 4500
008 230605s2002 xx 000 0 und d
041 _aeng
100 _aCollins
245 _aNew Hotel
260 _bConran octopus
_c2002
_c2002
300 _a224
365 _b3704
_h20
500 _a1647
520 _aReference Copy
650 _aF. P.
999 _c418405
_d418405